[Event "Ponte de Lima op"]
[Site "Ponte de Lima"]
[Date "2024.04.15"]
[Round "8"]
[White "Shyam, Nikil P"]
[Black "Alinasab, Mobina"]
[Result "1-0"]
[WhiteElo "2390"]
[BlackElo "2340"]
[PlyCount "113"]
[EventDate "2024.04.09"]
[EventType "swiss"]
[EventRounds "9"]
[EventCountry "POR"]
[SourceTitle "CB17_2024"]
[SourceDate "2024.04.24"]
[SourceVersion "1"]
[SourceVersionDate "2024.04.24"]
[SourceQuality "1"]

1. e4 c5 2. Nf3 e6 3. d4 cxd4 4. Nxd4 a6 5. c4 Nf6 6. Nc3 Bb4 7. Qd3 d6 8. Nc2 Bxc3+ 9. Qxc3 0-0 10. Bd3 d5 11. e5 Nfd7 12. cxd5 exd5 13. 0-0 Nc6 14. f4 d4 15. Qa3 Qb6 16. b4 Rd8 17. Bd2 Rb8 18. Rae1 Qc7 19. Qb3 b5 20. e6 fxe6 21. Qxe6+ Kh8 22. Qe8+ Nf8 23. Qh5 Ne7 24. f5 Nd5 25. Qh4 Qb6 26. f6 gxf6 27. Re5 Rb7 28. Rxd5 Rxd5 29. Rxf6 Qd8 30. Qf2 Ne6 31. Be4 Re5 32. Bxb7 Bxb7 33. Rf7 Be4 34. Nxd4 Qxd4 35. Bc3 Qd1+ 36. Qf1 Qxf1+ 37. Rxf1 Kg8 38. Bxe5 Bd5 39. a3 Bc4 40. Rf6 Bd5 41. h4 Bc4 42. Kf2 Bd5 43. g4 Bc4 44. Ke3 Bd5 45. Bb2 Bb3 46. Ke4 Nc7 47. Rd6 Be6 48. Ke5 Bxg4 49. Rc6 Ne8 50. Rxa6 Bd1 51. Rb6 Ba4 52. h5 Ng7 53. Rb8+ Kf7 54. Rb7+ Kg8 55. h6 Nh5 56. Bc1 Ng3 57. Rg7+ 1-0

[Event "Ponte de Lima op"]
[Site "Ponte de Lima"]
[Date "2024.04.12"]
[Round "6"]
[White "Alinasab, Mobina"]
[Black "Akhvlediani, Irakli"]
[Result "1/2-1/2"]
[WhiteElo "2340"]
[BlackElo "2356"]
[PlyCount "31"]
[EventDate "2024.04.09"]
[EventType "swiss"]
[EventRounds "9"]
[EventCountry "POR"]
[SourceTitle "CB17_2024"]
[SourceDate "2024.04.24"]
[SourceVersion "1"]
[SourceVersionDate "2024.04.24"]
[SourceQuality "1"]

1. e4 e5 2. Bc4 Nf6 3. Nc3 Nxe4 4. Qh5 Nd6 5. Bb3 Be7 6. Qxe5 0-0 7. Nf3 Nc6 8. Qf4 Na5 9. 0-0 Nxb3 10. axb3 b6 11. Nd5 Bb7 12. Nxe7+ Qxe7 13. Re1 Qd8 14. d3 Re8 15. Bd2 Re6 16. Rxe6 1/2-1/2

[Event "Ponte de Lima op"]
[Site "Ponte de Lima"]
[Date "2024.04.10"]
[Round "2"]
[White "Alinasab, Mobina"]
[Black "Petrov, Nikita"]
[Result "1-0"]
[WhiteElo "2340"]
[BlackElo "2562"]
[PlyCount "117"]
[EventDate "2024.04.09"]
[EventType "swiss"]
[EventRounds "9"]
[EventCountry "POR"]
[SourceTitle "CB17_2024"]
[SourceDate "2024.04.24"]
[SourceVersion "1"]
[SourceVersionDate "2024.04.24"]
[SourceQuality "1"]

1. e4 e5 2. Bc4 Nf6 3. Nc3 Bc5 4. d3 0-0 5. f4 d5 6. Nxd5 Be6 7. Nxf6+ Qxf6 8. Bxe6 fxe6 9. Nf3 exf4 10. d4 Bb6 11. a4 c5 12. d5 c4 13. a5 Bc5 14. Ra4 Nd7 15. Rxc4 Rac8 16. Qd3 b5 17. axb6 Nxb6 18. e5 Qh6 19. Rxc5 Rxc5 20. d6 Nd7 21. 0-0 Qg6 22. Qxg6 hxg6 23. c3 Nxe5 24. Nxe5 Rxe5 25. c4 g5 26. Bd2 Rd8 27. Bb4 Re2 28. c5 Rxb2 29. Ba5 Rd7 30. Rc1 Rb8 31. Bb4 Rc8 32. c6 Rdd8 33. Kf2 Kf7 34. d7 Rc7 35. Ba5 Rcxd7 36. cxd7 Rxd7 37. Rc7 Rxc7 38. Bxc7 Kf6 39. Kf3 Kf5 40. g4+ Kf6 41. Ke4 a6 42. Bb6 Kf7 43. Ba5 Kf6 44. Bd8+ Kg6 45. Kf3 Kh6 46. Ke4 Kg6 47. h4 gxh4 48. Bxh4 a5 49. Kxf4 a4 50. Be7 Kf7 51. Ba3 Kg6 52. Bb2 Kh6 53. Kg3 Kh7 54. Kh3 Kh6 55. Kh4 Kg6 56. g5 Kf5 57. Bxg7 a3 58. Bc3 e5 59. Kh5 1-0

[Event "Tashkent (Women) 2nd"]
[Site "Tashkent"]
[Date "2024.03.12"]
[Round "9"]
[White "Kaldarova, Ayaulym"]
[Black "Alinasab, Mobina"]
[Result "0-1"]
[WhiteElo "2110"]
[BlackElo "2351"]
[PlyCount "112"]
[EventDate "2024.03.06"]
[EventType "swiss"]
[EventRounds "9"]
[EventCountry "UZB"]
[SourceTitle "CB12_2024"]
[SourceDate "2023.10.01"]
[SourceVersion "1"]
[SourceVersionDate "2023.10.01"]
[SourceQuality "1"]

1. Nf3 c5 2. c4 Nc6 3. Nc3 g6 4. e3 Nf6 5. d4 cxd4 6. exd4 d5 7. cxd5 Nxd5 8. Bc4 Nb6 9. Bb3 Bg7 10. Be3 0-0 11. h3 Na5 12. Bc2 Nac4 13. Bc1 Nd5 14. 0-0 Nxc3 15. bxc3 Be6 16. Re1 Qa5 17. Bg5 Rfe8 18. Bb3 Rac8 19. Rc1 Bf8 20. Qe2 Bd5 21. Ne5 Nxe5 22. Qxe5 e6 23. c4 Bg7 24. Qe3 Bc6 25. h4 Qa3 26. Qf4 Qa5 27. Qe3 h5 28. Red1 Qa3 29. Qg3 a5 30. d5 Bd7 31. c5 exd5 32. Bxd5 Qxg3 33. fxg3 Bg4 34. Rd2 Bf8 35. Bxb7 Rxc5 36. Rf1 Be6 37. Kh2 Rb8 38. Be4 Rb4 39. Bf3 Rbc4 40. Rfd1 Rc2 41. Rd8 Rc8 42. Rxc8 Rxc8 43. Rd2 Kg7 44. Be3 Bb4 45. Rb2 Kf6 46. Bd1 Ke5 47. Bb6 Bc4 48. Bb3 Kd5 49. Bxc4+ Rxc4 50. Rf2 f5 51. Re2 a4 52. Bd8 Bd6 53. Rd2+ Rd4 54. Rb2 Rd3 55. Rb5+ Kc4 56. Ra5 Bxg3+ 0-1

[Event "Tashkent (Women) 2nd"]
[Site "Tashkent"]
[Date "2024.03.10"]
[Round "7"]
[White "Kurmangaliyeva, Liya"]
[Black "Alinasab, Mobina"]
[Result "1-0"]
[WhiteElo "2240"]
[BlackElo "2351"]
[PlyCount "153"]
[EventDate "2024.03.06"]
[EventType "swiss"]
[EventRounds "9"]
[EventCountry "UZB"]
[SourceTitle "CB12_2024"]
[SourceDate "2023.10.01"]
[SourceVersion "1"]
[SourceVersionDate "2023.10.01"]
[SourceQuality "1"]

1. e4 c5 2. Nf3 e6 3. d4 cxd4 4. Nxd4 a6 5. Qf3 Nc6 6. Nxc6 dxc6 7. Bf4 Qa5+ 8. Nd2 e5 9. Bg3 Nf6 10. c3 Be6 11. Bc4 Bg4 12. Qe3 Bd6 13. h3 Bh5 14. 0-0 0-0 15. a4 Qc7 16. a5 Bg6 17. Rfd1 Nh5 18. Bh2 Nf4 19. Nf1 Qe7 20. b4 Bb8 21. Ng3 Ba7 22. Qf3 Rad8 23. Nf5 Qg5 24. Qg4 Qf6 25. Bxf4 Bxf5 26. Qxf5 Qxf5 27. exf5 exf4 28. Kf1 Rfe8 29. Re1 Rxe1+ 30. Rxe1 Kf8 31. Re4 Rd1+ 32. Ke2 Rc1 33. Rxf4 Rxc3 34. Kd2 Ra3 35. f6 g5 36. Re4 Bxf2 37. Re7 Bd4 38. Rxf7+ Ke8 39. Rxb7 Bxf6 40. Bxa6 Kd8 41. Bc4 Bc3+ 42. Ke2 h5 43. a6 Bd4 44. Rh7 h4 45. Bd3 Kc8 46. Rb7 Kd8 47. Kd2 Ra2+ 48. Kc1 Ra3 49. Kc2 Rc3+ 50. Kd2 Ra3 51. Ke2 Bg1 52. Rg7 Ra2+ 53. Kf1 Ra1+ 54. Ke2 Ra2+ 55. Kf3 Rf2+ 56. Kg4 Rxg2+ 57. Kf5 Kc8 58. Be4 Rf2+ 59. Kxg5 Rb2 60. Bxc6 Be3+ 61. Kh5 Bd4 62. a7 Bxa7 63. Rxa7 Rxb4 64. Re7 Kd8 65. Re3 Rc4 66. Bf3 Rc7 67. Kxh4 Re7 68. Ra3 Ke8 69. Bd5 Kf8 70. Kg4 Kg7 71. Ra6 Rd7 72. Be6 Rc7 73. Kg5 Re7 74. Bf5 Rc7 75. Rg6+ Kf8 76. Be6 Rg7 77. Kh6 1-0

[Event "Tashkent (Women) 2nd"]
[Site "Tashkent"]
[Date "2024.03.08"]
[Round "4"]
[White "Alinasab, Mobina"]
[Black "Zhapova, Yana"]
[Result "0-1"]
[WhiteElo "2351"]
[BlackElo "2201"]
[PlyCount "120"]
[EventDate "2024.03.06"]
[EventType "swiss"]
[EventRounds "9"]
[EventCountry "UZB"]
[SourceTitle "CB12_2024"]
[SourceDate "2023.10.01"]
[SourceVersion "1"]
[SourceVersionDate "2023.10.01"]
[SourceQuality "1"]

1. e4 e5 2. Bc4 Nf6 3. Nc3 Nc6 4. d3 Bb4 5. Bd2 Na5 6. Nge2 Nxc4 7. dxc4 d6 8. 0-0 Be6 9. b3 h6 10. f3 0-0 11. Qe1 c6 12. Rd1 Bc5+ 13. Kh1 Bb6 14. Nc1 Qe7 15. Nd3 Rad8 16. Na4 Bc7 17. Bb4 Bc8 18. Nc3 Rfe8 19. a4 b6 20. Ba3 Qe6 21. a5 d5 22. axb6 axb6 23. cxd5 cxd5 24. Nb4 dxe4 25. Rxd8 Rxd8 26. Nxe4 Bb7 27. c4 Nxe4 28. fxe4 Bd6 29. Bc1 Bxb4 30. Qxb4 Bxe4 31. Qe1 Qg4 32. Qf2 Rd1 33. Kg1 f5 34. Be3 Rd3 35. Bxb6 Rxb3 36. Ba5 Ra3 37. Bb4 Ra4 38. Bd6 Rxc4 39. Qg3 Qxg3 40. hxg3 Bd3 41. Ra1 e4 42. Kf2 Kf7 43. Be5 Rc2+ 44. Ke3 Rxg2 45. Ra7+ Ke6 46. Kd4 Bb5 47. Bxg7 Rxg3 48. Bxh6 Rd3+ 49. Kc5 Rd5+ 50. Kb4 Ke5 51. Be3 Bd7 52. Ra3 f4 53. Ba7 Be6 54. Rc3 Kf5 55. Bf2 Kg4 56. Rc6 Bf5 57. Kc4 Rd2 58. Be1 Rd1 59. Bc3 f3 60. Bd4 Rc1+ 0-1

[Event "Titled Tuesday intern op 13th Feb Early"]
[Site "Chess.com INT"]
[Date "2024.02.13"]
[Round "9"]
[White "Alinasab, Mobina"]
[Black "Aravindh, Chithambaram VR"]
[Result "0-1"]
[WhiteElo "2351"]
[BlackElo "2662"]
[PlyCount "154"]
[EventDate "2024.02.13"]
[EventType "swiss (blitz)"]
[EventRounds "11"]
[EventCountry "USA"]
[SourceTitle "CB08_2024"]
[SourceDate "2024.02.21"]
[SourceVersion "1"]
[SourceVersionDate "2024.02.21"]
[SourceQuality "1"]

1. Nf3 g6 2. e3 Bg7 3. d4 Nf6 4. b3 0-0 5. Bb2 b6 6. Nbd2 Bb7 7. Bd3 d5 8. 0-0 Nbd7 9. c4 c5 10. Rc1 cxd4 11. Nxd4 Ne5 12. Be2 Rc8 13. h3 Ne4 14. Rc2 Nxd2 15. Rxd2 dxc4 16. Ne6 fxe6 17. Rxd8 Rfxd8 18. Qa1 c3 19. Bxc3 Rxc3 20. Qxc3 Nf3+ 21. Bxf3 Bxc3 22. Bxb7 Rd2 23. a4 Rb2 24. Ba6 Rxb3 25. Bc4 Ra3 26. Bxe6+ Kg7 27. Rc1 Bb4 28. Bd7 Bc5 29. g4 Rxe3 30. fxe3 Bxe3+ 31. Kg2 Bxc1 32. Kf3 Kf6 33. Ke4 Kg5 34. Kf3 e5 35. Be6 Ba3 36. Bg8 h6 37. Bf7 Bd6 38. Ke4 a6 39. Be8 Bc7 40. Kf3 Kf6 41. Ke4 Bd8 42. Kd5 Be7 43. Ke4 Bb4 44. Kd5 Bc3 45. Ke4 Kg5 46. Kf3 Kh4 47. Kg2 Kg5 48. Kf3 h5 49. gxh5 Kxh5 50. Ke4 Kg5 51. Bd7 Kh4 52. Be8 g5 53. Bd7 Kg3 54. Kd3 Bd4 55. Ke4 Bb2 56. Bg4 b5 57. axb5 axb5 58. Be6 b4 59. Bg4 Bc3 60. Be6 Bd4 61. Kd3 Kf4 62. Bd5 Bc5 63. Be6 e4+ 64. Ke2 Bd4 65. Bd5 Be5 66. Bb3 Bf6 67. Be6 Bd4 68. Bb3 Kg3 69. Be6 Bc5 70. Bf5 e3 71. Be6 Bb6 72. Bf5 b3 73. Ke1 Kf3 74. Bg4+ Ke4 75. Ke2 b2 76. Bh5 Kf5 77. Bg4+ Kf6 0-1

[Event "Titled Tuesday intern op 13th Feb Early"]
[Site "Chess.com INT"]
[Date "2024.02.13"]
[Round "10"]
[White "Alinasab, Mobina"]
[Black "Gabrielian, Artur"]
[Result "1-0"]
[WhiteElo "2351"]
[BlackElo "2442"]
[PlyCount "103"]
[EventDate "2024.02.13"]
[EventType "swiss (blitz)"]
[EventRounds "11"]
[EventCountry "USA"]
[SourceTitle "CB08_2024"]
[SourceDate "2024.02.21"]
[SourceVersion "1"]
[SourceVersionDate "2024.02.21"]
[SourceQuality "1"]

1. Nf3 Nf6 2. b3 g6 3. e3 Bg7 4. Bb2 0-0 5. d4 d6 6. Be2 b6 7. c4 Bb7 8. Nc3 Nbd7 9. Qc2 e5 10. dxe5 Nxe5 11. Nxe5 dxe5 12. 0-0 Qe7 13. Rad1 Rfd8 14. a3 h5 15. b4 a6 16. h3 Qe6 17. Na4 Be4 18. Qb3 Qf5 19. Rxd8+ Rxd8 20. Rd1 Rd7 21. Rxd7 Nxd7 22. Bd1 Qe6 23. Nc3 Bb7 24. Nd5 Qd6 25. Bf3 c6 26. Nxb6 Nxb6 27. c5 Qd8 28. cxb6 Qxb6 29. Qc4 Qb5 30. Be2 Qd5 31. Qc2 Qd6 32. Bc4 Kf8 33. Bc3 Bf6 34. Qe2 e4 35. Bxf6 Qxf6 36. Bxa6 Qa1+ 37. Kh2 Qe5+ 38. g3 Bxa6 39. Qxa6 Qb2 40. Kg2 Qf6 41. Qc4 Qf3+ 42. Kg1 Qd1+ 43. Kh2 Qf3 44. Qc2 g5 45. a4 h4 46. Qd2 hxg3+ 47. fxg3 Qf6 48. a5 Qa1 49. Qd8+ Kg7 50. Qxg5+ Kf8 51. Qd8+ Kg7 52. Qd4+ 1-0

[Event "Titled Tuesday intern op 13th Feb Early"]
[Site "Chess.com INT"]
[Date "2024.02.13"]
[Round "11"]
[White "Mahdavi, Reza"]
[Black "Alinasab, Mobina"]
[Result "1/2-1/2"]
[WhiteElo "2312"]
[BlackElo "2351"]
[PlyCount "119"]
[EventDate "2024.02.13"]
[EventType "swiss (blitz)"]
[EventRounds "11"]
[EventCountry "USA"]
[SourceTitle "CB08_2024"]
[SourceDate "2024.02.21"]
[SourceVersion "1"]
[SourceVersionDate "2024.02.21"]
[SourceQuality "1"]

1. e4 c5 2. Nf3 d6 3. d4 cxd4 4. Nxd4 Nf6 5. Nc3 a6 6. Bc4 e6 7. Be3 Nbd7 8. f3 Nc5 9. Qd2 b5 10. Bb3 Bd7 11. g4 Be7 12. h4 Rc8 13. a3 Nxb3 14. cxb3 Qc7 15. b4 Qb7 16. Nb3 Rc7 17. 0-0-0 0-0 18. h5 Rfc8 19. g5 Ne8 20. g6 Nf6 21. h6 fxg6 22. hxg7 e5 23. Kb1 Be6 24. Na5 Qb8 25. Bg5 Rd7 26. Rc1 Bd8 27. Bxf6 Bxf6 28. Nd5 Bxd5 29. Qxd5+ Kxg7 30. Nc6 Qb7 31. Rc2 Rdc7 32. Rhc1 Bg5 33. Nxe5 Qa7 34. Rxc7+ Rxc7 35. Rxc7+ Qxc7 36. Nd3 Bf6 37. f4 h5 38. e5 dxe5 39. fxe5 Be7 40. Nf4 Kh6 41. Qf7 Qc6 42. Qxe7 Qe4+ 43. Ka2 Qxf4 44. e6 Qc4+ 45. Kb1 Qd3+ 46. Kc1 Qc4+ 47. Kd2 Qd4+ 48. Kc2 Qc4+ 49. Kb1 Qd3+ 50. Kc1 Qc4+ 51. Kd1 Qd4+ 52. Ke2 Qe4+ 53. Kf2 Qf4+ 54. Kg2 Qg4+ 55. Kh2 Qf4+ 56. Kg1 Qg3+ 57. Kf1 Qf3+ 58. Ke1 Qe3+ 59. Kd1 Qd3+ 60. Kc1 1/2-1/2

[Event "Titled Tuesday intern op 13th Feb Early"]
[Site "Chess.com INT"]
[Date "2024.02.13"]
[Round "8"]
[White "Sowinski, Pawel"]
[Black "Alinasab, Mobina"]
[Result "0-1"]
[WhiteElo "2377"]
[BlackElo "2351"]
[PlyCount "108"]
[EventDate "2024.02.13"]
[EventType "swiss (blitz)"]
[EventRounds "11"]
[EventCountry "USA"]
[SourceTitle "CB08_2024"]
[SourceDate "2024.02.21"]
[SourceVersion "1"]
[SourceVersionDate "2024.02.21"]
[SourceQuality "1"]

1. e4 c5 2. c3 d5 3. exd5 Qxd5 4. d4 g6 5. Nf3 Bg7 6. Be3 cxd4 7. cxd4 Nh6 8. Nc3 Qd8 9. Bc4 0-0 10. 0-0 Nf5 11. Bb3 Nc6 12. Qd2 Na5 13. Bd5 e6 14. Be4 Nc4 15. Qe2 Ncxe3 16. fxe3 Bh6 17. Bxf5 exf5 18. Ne5 Re8 19. Rad1 Be6 20. Qf3 Rc8 21. e4 Qb6 22. exf5 Bxf5 23. Nd5 Qd6 24. g4 Rcd8 25. Nc3 Rxe5 26. dxe5 Qb6+ 27. Kh1 Be6 28. Ne4 Bg7 29. Nf6+ Kh8 30. Rxd8+ Qxd8 31. Rd1 Qc7 32. Qd3 Bf8 33. Qd8 Qc5 34. Ne4 Qb4 35. a3 Qxe4+ 36. Kg1 Qxg4+ 37. Kf2 Kg8 38. Rd4 Qf5+ 39. Ke3 Qxe5+ 40. Kd3 Qg7 41. Qb8 Bf5+ 42. Ke3 Qf6 43. Rd8 Qe7+ 44. Kf4 Kg7 45. Kf3 Qe4+ 46. Kf2 Be7 47. Rg8+ Kh6 48. Qg3 Qd4+ 49. Kf1 Bh4 50. Qf3 Bd3+ 51. Kg2 Be4 52. Rxg6+ fxg6 53. Kh3 Bxf3 54. b4 Qg4# 0-1

[Event "Titled Tuesday intern op 13th Feb Early"]
[Site "Chess.com INT"]
[Date "2024.02.13"]
[Round "6"]
[White "Wagner, Dennis"]
[Black "Alinasab, Mobina"]
[Result "0-1"]
[WhiteElo "2614"]
[BlackElo "2351"]
[PlyCount "144"]
[EventDate "2024.02.13"]
[EventType "swiss (blitz)"]
[EventRounds "11"]
[EventCountry "USA"]
[SourceTitle "CB08_2024"]
[SourceDate "2024.02.21"]
[SourceVersion "1"]
[SourceVersionDate "2024.02.21"]
[SourceQuality "1"]

1. e4 c5 2. Nf3 d6 3. d4 cxd4 4. Nxd4 Nf6 5. Nc3 a6 6. h3 Bd7 7. g4 g6 8. Be3 Nc6 9. Qd2 Nxd4 10. Bxd4 Bg7 11. 0-0-0 0-0 12. Kb1 b5 13. g5 Nh5 14. Bxg7 Nxg7 15. h4 Be6 16. Be2 b4 17. Nd5 Bxd5 18. exd5 Qb6 19. Rh2 a5 20. h5 a4 21. b3 axb3 22. cxb3 Ra5 23. Bg4 Rfa8 24. hxg6 fxg6 25. Qe2 e5 26. dxe6 Rxa2 27. Qxa2 Rxa2 28. Kxa2 Qa5+ 29. Kb1 Qxg5 30. f3 Qe5 31. Rc2 h5 32. Bh3 Nxe6 33. Rc8+ Kg7 34. Re8 Qc3 35. Bxe6 Qxf3 36. Rc1 Qe4+ 37. Rc2 Qe1+ 38. Ka2 Qe5 39. Bf7 Qa5+ 40. Kb1 Kxf7 41. Re1 Kg7 42. Rf2 Qd5 43. Rc2 Qxb3+ 44. Kc1 Qa3+ 45. Kb1 b3 46. Rce2 d5 47. Rg1 Qd6 48. Reg2 d4 49. Kb2 Qe6 50. Rd2 Kh6 51. Rxd4 Qf6 52. Rgd1 h4 53. Kxb3 Kh5 54. Rd5+ g5 55. Kc4 Qf4+ 56. Kc5 Qf2+ 57. Kd6 h3 58. Rh1 Qf4+ 59. Kd7 Kh4 60. Rd6 g4 61. Rh6+ Qxh6 62. Rg1 Qe3 63. Rh1 Qd3+ 64. Ke6 Qe4+ 65. Kf6 Qxh1 66. Kg6 h2 67. Kh6 Qg2 68. Kg6 h1Q 69. Kh6 Qhf1 70. Kg6 Qc6+ 71. Kg7 Qff6+ 72. Kh7 Qd7+ 0-1

[Event "Titled Tuesday intern op 06th Feb Early"]
[Site "Chess.com INT"]
[Date "2024.02.06"]
[Round "11"]
[White "Alinasab, Mobina"]
[Black "Kosteniuk, Alexandra"]
[Result "1-0"]
[WhiteElo "2351"]
[BlackElo "2501"]
[PlyCount "83"]
[EventDate "2024.02.06"]
[EventType "swiss (blitz)"]
[EventRounds "11"]
[EventCountry "USA"]
[SourceTitle "CB07_2024"]
[SourceDate "2024.02.14"]
[SourceVersion "1"]
[SourceVersionDate "2024.02.14"]
[SourceQuality "1"]

1. Nf3 f5 2. b3 Nf6 3. Bb2 g6 4. g3 Bg7 5. d4 0-0 6. Bg2 d6 7. 0-0 Nc6 8. c4 Qe8 9. d5 Nd8 10. Nc3 e5 11. dxe6 Nxe6 12. Rc1 Ne4 13. Qc2 Bh6 14. e3 Nxc3 15. Qxc3 Bg7 16. Qd2 Bxb2 17. Qxb2 Qf7 18. Nd4 Rb8 19. Bd5 Re8 20. Rfd1 Qg7 21. Qa3 a6 22. c5 dxc5 23. Qxc5 c6 24. Qd6 cxd5 25. Qxb8 Bd7 26. Nxe6 Qe7 27. Qxb7 Bxe6 28. Qxe7 Rxe7 29. Rc6 Kf7 30. Rxa6 Rc7 31. Rb6 Rc2 32. a4 Ra2 33. Rb5 g5 34. a5 f4 35. exf4 gxf4 36. Kg2 Bg4 37. Rd3 Ke6 38. gxf4 Bf5 39. Re3+ Kd6 40. Kg3 Ra3 41. Rb6+ Kc5 42. b4+ 1-0

[Event "Titled Tuesday intern op 06th Feb Early"]
[Site "Chess.com INT"]
[Date "2024.02.06"]
[Round "4"]
[White "Dragnev, Valentin"]
[Black "Alinasab, Mobina"]
[Result "1-0"]
[WhiteElo "2571"]
[BlackElo "2351"]
[PlyCount "83"]
[EventDate "2024.02.06"]
[EventType "swiss (blitz)"]
[EventRounds "11"]
[EventCountry "USA"]
[SourceTitle "CB07_2024"]
[SourceDate "2024.02.14"]
[SourceVersion "1"]
[SourceVersionDate "2024.02.14"]
[SourceQuality "1"]

1. e4 c5 2. Nc3 d6 3. Bb5+ Bd7 4. Bxd7+ Qxd7 5. d4 cxd4 6. Qxd4 Nc6 7. Qd3 g6 8. Nf3 Bg7 9. 0-0 Nf6 10. Bg5 0-0 11. Nd5 Nxd5 12. exd5 Ne5 13. Nxe5 Bxe5 14. Rae1 Rfe8 15. c3 Rac8 16. h4 Bf6 17. f4 Kg7 18. f5 h6 19. Bd2 a6 20. fxg6 fxg6 21. h5 Qg4 22. hxg6 Qxg6 23. Qh3 Kh7 24. Rf5 Rc4 25. Rxf6 Qxf6 26. Re6 Rf4 27. Rxf6 Rxf6 28. Qd7 Ref8 29. Qxe7+ R8f7 30. Qe4+ Kg8 31. Qg4+ Kh7 32. Be3 Rf1+ 33. Kh2 R1f5 34. Qe4 Kg7 35. Bd4+ Kf8 36. Qe6 Rh5+ 37. Kg1 Rhf5 38. Qxd6+ Kg8 39. Qg6+ Kf8 40. Bc5+ Ke8 41. Qe6+ Kd8 42. Bb6+ 1-0

[Event "Titled Tuesday intern op 06th Feb Early"]
[Site "Chess.com INT"]
[Date "2024.02.06"]
[Round "10"]
[White "Lianes Garcia, Marcos"]
[Black "Alinasab, Mobina"]
[Result "1-0"]
[WhiteElo "2394"]
[BlackElo "2351"]
[PlyCount "71"]
[EventDate "2024.02.06"]
[EventType "swiss (blitz)"]
[EventRounds "11"]
[EventCountry "USA"]
[SourceTitle "CB07_2024"]
[SourceDate "2024.02.14"]
[SourceVersion "1"]
[SourceVersionDate "2024.02.14"]
[SourceQuality "1"]

1. e4 c5 2. g3 d5 3. exd5 Qxd5 4. Nf3 Nc6 5. Bg2 g6 6. 0-0 Bg7 7. Nc3 Qd8 8. d3 Nf6 9. Be3 Qa5 10. Nd2 Nd7 11. Nb3 Qb6 12. Nd5 Qd8 13. Nxc5 Nxc5 14. Bxc5 Bxb2 15. Rb1 Bd4 16. Bxd4 Nxd4 17. Re1 Nc6 18. Nf6+ Kf8 19. Ne4 Kg7 20. Nc5 Qc7 21. Qd2 Re8 22. Qc3+ Kg8 23. Nb3 Bd7 24. Nd4 Rac8 25. Nb5 Qb8 26. Qa3 a6 27. Nc3 b5 28. Nd5 Be6 29. Nf4 Bd7 30. Qxa6 Nd4 31. Nd5 Rc5 32. Nxe7+ Kf8 33. Qf6 Be6 34. Qxd4 Rxc2 35. Nc6 Qc7 36. Qh8# 1-0

[Event "Titled Tuesday intern op 09th Jan Early"]
[Site "Chess.com INT"]
[Date "2024.01.09"]
[Round "2"]
[White "Alinasab, Mobina"]
[Black "Molina, Roberto Junio Brito"]
[Result "0-1"]
[WhiteElo "2351"]
[BlackElo "2381"]
[PlyCount "112"]
[EventDate "2024.01.09"]
[EventType "swiss (blitz)"]
[EventRounds "11"]
[EventCountry "USA"]
[SourceTitle "CB03_2024"]
[SourceDate "2024.01.17"]
[SourceVersion "1"]
[SourceVersionDate "2024.01.17"]
[SourceQuality "1"]

1. Nf3 d5 2. g3 c6 3. Bg2 Bg4 4. 0-0 Nd7 5. d4 e6 6. b3 Bd6 7. Bb2 Ngf6 8. c4 Qe7 9. Nc3 0-0 10. h3 Bh5 11. Nd2 Ba3 12. Qc1 Bxb2 13. Qxb2 a5 14. e4 dxe4 15. Ndxe4 Bg6 16. a3 Nxe4 17. Nxe4 Bxe4 18. Bxe4 Nf6 19. Bg2 Rfd8 20. Rad1 Rd7 21. Rd2 Rad8 22. Rfd1 h6 23. Kh2 Qd6 24. Bf3 b5 25. Qc3 b4 26. axb4 axb4 27. Qe3 Qc7 28. Bg2 c5 29. dxc5 Rxd2 30. Rxd2 Rxd2 31. Qxd2 Qxc5 32. Qd8+ Kh7 33. Qd3+ g6 34. Kg1 Kg7 35. Kf1 Ne8 36. Qd7 Nd6 37. Qc6 Qd4 38. Kg1 Nf5 39. c5 Nxg3 40. Qd6 Qa1+ 41. Kh2 Nf5 42. Qf4 Qc3 43. c6 g5 44. Qe4 Kf6 45. Qc4 Qxc4 46. bxc4 Ke7 47. c5 Kd8 48. Be4 Kc7 49. Kg2 Ne7 50. Kf3 f5 51. Bc2 Nxc6 52. Ke3 e5 53. Bb3 Nd4 54. Ba4 h5 55. Kd3 h4 56. Kc4 b3 0-1

[Event "Titled Tuesday intern op 09th Jan Early"]
[Site "Chess.com INT"]
[Date "2024.01.09"]
[Round "8"]
[White "Alinasab, Mobina"]
[Black "Timerkhanov, Alexander"]
[Result "0-1"]
[WhiteElo "2351"]
[BlackElo "2308"]
[PlyCount "96"]
[EventDate "2024.01.09"]
[EventType "swiss (blitz)"]
[EventRounds "11"]
[EventCountry "USA"]
[SourceTitle "CB03_2024"]
[SourceDate "2024.01.17"]
[SourceVersion "1"]
[SourceVersionDate "2024.01.17"]
[SourceQuality "1"]

1. Nf3 d5 2. g3 Bg4 3. Bg2 Nd7 4. d4 e6 5. 0-0 Ngf6 6. b3 a5 7. a3 a4 8. b4 Nb6 9. Nbd2 Bxf3 10. Bxf3 Be7 11. Bb2 0-0 12. Rc1 c6 13. c4 dxc4 14. Nxc4 Nxc4 15. Rxc4 Nd5 16. Rc1 Bf6 17. e4 Nb6 18. Qd3 Qd7 19. Rfd1 Rfd8 20. Qe2 Qc7 21. e5 Be7 22. Bg2 Qd7 23. f4 Nd5 24. g4 b5 25. Rf1 Rac8 26. f5 Bg5 27. Rce1 Nf4 28. Qe4 Nxg2 29. Kxg2 Qd5 30. fxe6 fxe6 31. Kg3 Rf8 32. Rxf8+ Rxf8 33. Qxd5 cxd5 34. h4 Bf4+ 35. Kg2 Rc8 36. Re2 h6 37. Kf3 g5 38. hxg5 hxg5 39. Rf2 Kh7 40. Ke2 Kg6 41. Kd3 Rh8 42. Rc2 Rh3+ 43. Ke2 Rg3 44. Kf2 Rb3 45. Ke2 Rg3 46. Kf2 Rxg4 47. Rc5 Rh4 48. Kf1 Rh1+ 0-1

[Event "Titled Tuesday intern op 09th Jan Early"]
[Site "Chess.com INT"]
[Date "2024.01.09"]
[Round "1"]
[White "Mammadov, Ziya"]
[Black "Alinasab, Mobina"]
[Result "0-1"]
[WhiteElo "1438"]
[BlackElo "2351"]
[PlyCount "116"]
[EventDate "2024.01.09"]
[EventType "swiss (blitz)"]
[EventRounds "11"]
[EventCountry "USA"]
[SourceTitle "CB03_2024"]
[SourceDate "2024.01.17"]
[SourceVersion "1"]
[SourceVersionDate "2024.01.17"]
[SourceQuality "1"]

1. e4 c5 2. Nf3 d6 3. d4 cxd4 4. Nxd4 Nf6 5. Nc3 a6 6. f3 e5 7. Nb3 Be6 8. Be3 Nbd7 9. Bg5 Be7 10. Bxf6 Nxf6 11. Bd3 0-0 12. Qd2 d5 13. exd5 Nxd5 14. Nxd5 Qxd5 15. Be4 Qxd2+ 16. Nxd2 Rab8 17. 0-0-0 f5 18. Bd3 b5 19. Kb1 Bf6 20. Rhe1 Rfe8 21. b3 g6 22. c4 Bf7 23. c5 Rec8 24. b4 a5 25. a3 Rc6 26. g4 Be6 27. gxf5 gxf5 28. Bc2 axb4 29. axb4 Ra6 30. Nb3 Ra4 31. Rd6 Kf7 32. Rb6 Rxb6 33. cxb6 Bd5 34. Rd1 Bxf3 35. b7 Bxb7 36. Rd7+ Kg6 37. Rxb7 Rxb4 38. Kc1 e4 39. Rd7 Be5 40. Rd5 Bxh2 41. Nd4 Bf4+ 42. Kd1 h5 43. Nxf5 Bg5 44. Ng3 h4 45. Nxe4 Bf4 46. Nc3+ Kh6 47. Nxb5 h3 48. Nd4 h2 49. Nf5+ Kg5 50. Ng3+ Kg4 51. Nh1 Rb8 52. Bf5+ Kf3 53. Bh3 Rb1+ 54. Kc2 Rc1+ 55. Kd3 Rxh1 56. Kc4 Rc1+ 57. Kd4 h1Q 58. Bg2+ Qxg2 0-1

[Event "Sitges Sunway op 10th"]
[Site "Sitges"]
[Date "2023.12.20"]
[Round "8"]
[White "Alinasab, Mobina"]
[Black "Willow, Jonah B"]
[Result "0-1"]
[WhiteElo "2306"]
[BlackElo "2427"]
[PlyCount "74"]
[EventDate "2023.12.12"]
[EventType "swiss"]
[EventRounds "10"]
[EventCountry "ESP"]
[SourceTitle "CB52_2023"]
[SourceDate "2023.12.27"]
[SourceVersion "1"]
[SourceVersionDate "2023.12.27"]
[SourceQuality "1"]

1. e4 c5 2. Nc3 Nc6 3. g3 g6 4. Bg2 Bg7 5. d3 d6 6. Be3 Rb8 7. Qd2 b5 8. Nge2 b4 9. Nd1 a5 10. 0-0 a4 11. f4 Qb6 12. a3 Qb5 13. e5 Nh6 14. h3 Nf5 15. Bf2 h5 16. Ne3 Nxe3 17. Bxe3 Bf5 18. c4 Qa6 19. Qd1 0-0 20. b3 Qc8 21. axb4 Nxb4 22. Rxa4 Nxd3 23. Ra7 dxe5 24. g4 hxg4 25. hxg4 Nb2 26. Qd2 Bxg4 27. f5 Rxb3 28. Ra8 Rb8 29. Rxb8 Qxb8 30. Bd5 Bxf5 31. Bxc5 Qc7 32. Qe3 Rc8 33. Bb4 Nxc4 34. Bxc4 Qxc4 35. Bxe7 Qg4+ 36. Kf2 Rc2 37. Rd1 Rxe2+ 0-1